La sociedad psiquiátrica avanzada (Record no. 17126)

MARC details
000 -LEADER
campo de control de longitud fija 00890nam a2200277 i 4500
001 - NÚMERO DE CONTROL
campo de control 17126
003 - IDENTIFICADOR DE NÚMERO DE CONTROL
campo de control ES-MaACL
005 - FECHA Y HORA DE LA ÚLTIMA TRANSACCIÓN
campo de control 20230906151517.0
007 - CAMPO FIJO DE DESCRIPCIÓN FÍSICA--INFORMACIÓN GENERAL
campo de control de longitud fija t|
008 - DATOS DE LONGITUD FIJA--INFORMACIÓN GENERAL
campo de control de longitud fija 001222s1980 sp ||||1| spa d
020 ## - NÚMERO INTERNACIONAL ESTÁNDAR DEL LIBRO
Número Internacional Estándar del Libro 84-339-1420-0
080 ## - NÚMERO DE LA CLASIFICACIÓN DECIMAL UNIVERSAL
Número de la Clasificación Decimal Universal 362.2(73)
080 ## - NÚMERO DE LA CLASIFICACIÓN DECIMAL UNIVERSAL
Número de la Clasificación Decimal Universal 616.89(73)
100 1# - ENTRADA PRINCIPAL--NOMBRE DE PERSONA
Nombre de persona Castel, François.
9 (RLIN) 36469
245 13 - MENCIÓN DEL TÍTULO
Título La sociedad psiquiátrica avanzada
Resto del título : el modelo norteamericano /
Mención de responsabilidad, etc. François Castel, Robert Castel, Anne Lovell.
260 ## - PUBLICACIÓN, DISTRIBUCIÓN, ETC.
Lugar de publicación, distribución, etc. Barcelona :
Nombre del editor, distribuidor, etc. Anagrama,
Fecha de publicación, distribución, etc. [1980]
300 ## - DESCRIPCIÓN FÍSICA
Extensión 301 p. ;
Dimensiones 23 cm.
490 1# - MENCIÓN DE SERIE
Mención de serie Elementos críticos ;
Designación de volumen o secuencia 20
650 14 - PUNTO DE ACCESO ADICIONAL DE MATERIA--TÉRMINO DE MATERIA
Término de materia o nombre geográfico como elemento de entrada Psiquiatría-
Subdivisión geográfica Estados Unidos.
9 (RLIN) 16591
650 14 - PUNTO DE ACCESO ADICIONAL DE MATERIA--TÉRMINO DE MATERIA
Término de materia o nombre geográfico como elemento de entrada Servicios de salud mental-
Subdivisión geográfica Estados Unidos.
9 (RLIN) 17066
700 1# - ENTRADA AGREGADA--NOMBRE PERSONAL
Nombre de persona Castel, Robert.
9 (RLIN) 36470
700 1# - ENTRADA AGREGADA--NOMBRE PERSONAL
Nombre de persona Lovell, Anne.
9 (RLIN) 74356
830 0# - PUNTO DE ACCESO ADICIONAL DE SERIE-TÍTULO UNIFORME
Título uniforme Elementos críticos ;
Designación de volumen o secuencia 20
9 (RLIN) 180219
852 ## - LOCALIZACIÓN
Ubicación ES-MaACL
Número de control de estantería L-23930
Sublocalización o colección R.129072
Holdings
Estatus retirado Estado de pérdida Estado de daño No para préstamo Biblioteca de origen Biblioteca actual Ubicación en estantería Fecha de adquisición Fuente de adquisición Total de préstamos Signatura topográfica completa Código de barras Visto por última vez Precio de reemplazo Tipo de ítem Koha
        Biblioteca del Ateneo de Madrid Biblioteca del Ateneo de Madrid Depósito 2 17/01/2008     L-23930 1017472 23/02/2023 23/02/2023 Libro impreso